Disney Character Quiz - Statistics

General Stats
  • This quiz has been taken 3,036 times
  • The average score is 11 of 21
Answer Stats
Hint Answer % Correct
This Character's best friend is a fish Ariel
90%
This character is a woman who dresses as a man Mulan
88%
This character is the "mascot" for Disney Mickey Mouse
80%
This Disney character is a princess who turns into a frog Tiana
76%
This character has a close relationship with her father, who is always made fun of for his strangeness Belle
71%
This character is the lord of the underworld Hades
71%
This character is a dragon who is underestimated because of his size Mushu
58%
This Disney character's name is french for "light" Lumiere
56%
This Character is a reptile who hangs around with a princess with unusually long hair Pascal
56%
This character is a sneaky primate who hangs around with a thief Abu
55%
This character is a princess who dreams of leaving her palace life Jasmine
55%
This character is a sneaky theif who becomes good in the end when he falls in love with a long haired princess Flynn Rider
53%
This Disney character sold her soul to save her boyfriend who then left her afterwards. Megara
48%
This character is a sidekick to a villanous pirate in a far away land Smee
48%
This Disney character is a raccoon who is friends with a Native American girl. Meeko
42%
This character is an advisor to the king of an animal kingdom Zazoo
40%
This character is a sly cat who lives in a magic dream-like world Cheshire Cat
34%
This character uses a piece of his lovers outfit to find her Prince William
31%
This character is a little girl who is a loner and always gets into arguments with her sister Lilo
19%
This character is a villanous rat who has it out for a mouse detective Ratigan
19%
This character is the father of a girl who falls in love with a man who lives in the wilderness Archimedes Q. Porter
4%
No matching quizzes found
Score Distribution
Percent of People with Each Score
Percentile by Number Answered
Your Score History
You have not taken this quiz